000 00655nam a2200289Ia 4500
005 20260324134018.0
008 008 260324s9999 xx 000 0 eng d
020 _a9781315837871
037 _aEBOOK
040 _aCRL
040 _beng
040 _cCRL
041 _2eng
041 _aeng
084 _qCRL
100 _aJonathan Tonge
_91195239
245 0 _aNorthern Ireland
245 0 _bConflict and Change
260 _bTaylor and Francis
260 _c2002
365 _a
365 _b265
856 _uhttp://www.taylorfrancis.com/books/9781315837871
942 _cEBOOK
999 _c1794864
_d1794864